हिन्दी और तमिल की समानस्त्रीतीय भिन्नार्थी शब्दावली (Record no. 350964)
[ view plain ]
| 000 -LEADER | |
|---|---|
| fixed length control field | 00784nam a2200229Ia 4500 |
| 003 - CONTROL NUMBER IDENTIFIER | |
| control field | OSt |
| 005 - DATE AND TIME OF LATEST TRANSACTION | |
| control field | 20220923221651.0 |
| 008 - FIXED-LENGTH DATA ELEMENTS--GENERAL INFORMATION | |
| fixed length control field | 220922b |||||||| |||| 00| 0 hin d |
| 037 ## - SOURCE OF ACQUISITION | |
| Terms of availability | Textual |
| 040 ## - CATALOGING SOURCE | |
| Original cataloging agency | ARTS |
| Transcribing agency | ARTS |
| Language of cataloging | hin |
| 041 ## - LANGUAGE CODE | |
| Source of code | hin |
| Language code of text/sound track or separate title | hin |
| 100 ## - MAIN ENTRY--PERSONAL NAME | |
| Personal name | जगन्नाथ, वी0 रा |
| 9 (RLIN) | 165588 |
| 245 #0 - TITLE STATEMENT | |
| Title | हिन्दी और तमिल की समानस्त्रीतीय भिन्नार्थी शब्दावली |
| 246 ## - VARYING FORM OF TITLE | |
| Title proper/short title | Hindī aur tamil kī samānastrītīya bhinnārthī shabdāvalī |
| 260 ## - PUBLICATION, DISTRIBUTION, ETC. | |
| Date of publication, distribution, etc. | 1974 |
| 942 ## - ADDED ENTRY ELEMENTS (KOHA) | |
| Classification part | P31:4k, 152L0 |
| Koha item type | Textual |
| Source of classification or shelving scheme | Colon Classification (CC) |
| Withdrawn status | Lost status | Damaged status | Not for loan | Home library | Current library | Date acquired | Total Checkouts | Full call number | Barcode | Date last seen | Price effective from | Koha item type |
|---|---|---|---|---|---|---|---|---|---|---|---|---|
| Arts Library | Arts Library | 2022-09-23 | P31:4k 152L0 | AL0267432 | 2022-09-23 | 2022-09-23 | Textual |
